Understanding Business / (Record no. 17039)
[ view plain ]
| 000 -LEADER | |
|---|---|
| fixed length control field | 00938nam a22002778a 4500 |
| 001 - CONTROL NUMBER | |
| control field | 016081548 |
| 003 - CONTROL NUMBER IDENTIFIER | |
| control field | OSt |
| 005 - DATE AND TIME OF LATEST TRANSACTION | |
| control field | 20201128020934.0 |
| 008 - FIXED-LENGTH DATA ELEMENTS--GENERAL INFORMATION | |
| fixed length control field | 120430s2012 nyu 001 0 eng|d |
| 020 ## - INTERNATIONAL STANDARD BOOK NUMBER | |
| International Standard Book Number | 0077140885 (pbk.) : |
| 020 ## - INTERNATIONAL STANDARD BOOK NUMBER | |
| International Standard Book Number | 9780077140885 (pbk.) : |
| 082 04 - DEWEY DECIMAL CLASSIFICATION NUMBER | |
| Classification number | 650 |
| Item number | NIC |
| Edition number | 22 |
| 100 1# - MAIN ENTRY--PERSONAL NAME | |
| Personal name | Nickels, William G. |
| 9 (RLIN) | 3021 |
| 245 10 - TITLE STATEMENT | |
| Title | Understanding Business / |
| Statement of responsibility, etc | William G. Nickels, James McHugh, Susan McHugh. |
| 250 ## - EDITION STATEMENT | |
| Edition statement | 10th ed., Global ed. |
| 260 ## - PUBLICATION, DISTRIBUTION, ETC. (IMPRINT) | |
| Place of publication, distribution, etc | New York : |
| Name of publisher, distributor, etc | McGraw-Hill Professional ; |
| Place of publication, distribution, etc | London : |
| Name of publisher, distributor, etc | McGraw-Hill [distributor], |
| Date of publication, distribution, etc | 2012. |
| 300 ## - PHYSICAL DESCRIPTION | |
| Extent | 1 v. : |
| Other physical details | ill ; |
| Dimensions | 29 cm. |
| 504 ## - BIBLIOGRAPHY, ETC. NOTE | |
| Bibliography, etc | Includes bibliographical references and index. |
| 650 #7 - SUBJECT ADDED ENTRY--TOPICAL TERM | |
| Topical term or geographic name as entry element | Business. |
| 9 (RLIN) | 31005 |
| Source of heading or term | BUEsh |
| 650 #7 - SUBJECT ADDED ENTRY--TOPICAL TERM | |
| Topical term or geographic name as entry element | Industrial management. |
| 9 (RLIN) | 31006 |
| Source of heading or term | BUEsh |
| 651 ## - SUBJECT ADDED ENTRY--GEOGRAPHIC NAME | |
| Source of heading or term | BUEsh |
| 653 ## - INDEX TERM--UNCONTROLLED | |
| Resource For college | BAEPS, Business Administration |
| Arrived date list | September2012 |
| 700 1# - ADDED ENTRY--PERSONAL NAME | |
| Personal name | McHugh, James M. |
| 9 (RLIN) | 3025 |
| 700 1# - ADDED ENTRY--PERSONAL NAME | |
| Personal name | McHugh, Susan M. |
| 9 (RLIN) | 3026 |
| 942 ## - ADDED ENTRY ELEMENTS (KOHA) | |
| Source of classification or shelving scheme | Dewey Decimal Classification |
| Item type | Book - Borrowing |
| Classification part | 650 NIC |
| Withdrawn status | Item status | Source of classification or shelving scheme | Damaged status | Not for loan | Vendor | Home library | Current library | Shelving location | Date acquired | Source of acquisition | Cost, normal purchase price | Serial Enumeration / chronology | Total Checkouts | Full call number | Barcode | Date last seen | Date last borrowed | Cost, replacement price | Koha item type | Total Renewals | Checked out |
|---|---|---|---|---|---|---|---|---|---|---|---|---|---|---|---|---|---|---|---|---|---|
| Dewey Decimal Classification | Baccah | Central Library | Central Library | First floor | 27/09/2012 | Purchase | 180.00 | 3 | 6 | 650 NIC | 000027468 | 15/07/2025 | 19/10/2013 | 225.00 | NB - Book (Non borrowing) | ||||||
| Dewey Decimal Classification | Baccah | Central Library | Central Library | First floor | 27/09/2012 | Purchase | 180.00 | 3 | 24 | 650 NIC | 000027469 | 15/07/2025 | 23/12/2018 | 225.00 | Book - Borrowing | 34 | |||||
| Dewey Decimal Classification | Baccah | Central Library | Central Library | First floor | 27/09/2012 | Purchase | 180.00 | 3 | 20 | 650 NIC | 000027470 | 15/07/2025 | 24/10/2018 | 225.00 | Book - Borrowing | 55 | |||||
| Dewey Decimal Classification | Baccah | Central Library | Central Library | First floor | 27/09/2012 | Purchase | 180.00 | 3 | 24 | 650 NIC | 000027471 | 19/10/2022 | 19/10/2022 | 225.00 | Book - Borrowing | 58 | 17/11/2022 | ||||
| Lost and Paid For | Dewey Decimal Classification | Baccah | Central Library | Central Library | First floor | 27/09/2012 | Purchase | 1000.00 | 3 | 9 | 650 NIC | 000027472 | 26/10/2014 | 26/10/2014 | 1250.00 | Book - Borrowing | 12 | ||||
| Dewey Decimal Classification | Baccah | Central Library | Central Library | First floor | 27/09/2012 | Purchase | 180.00 | 3 | 25 | 650 NIC | 000027473 | 15/07/2025 | 18/12/2018 | 225.00 | Book - Borrowing | 50 | |||||
| Dewey Decimal Classification | Baccah | Central Library | Central Library | First floor | 27/09/2012 | Purchase | 180.00 | 3 | 25 | 650 NIC | 000027474 | 15/07/2025 | 30/12/2019 | 225.00 | Book - Borrowing | 56 | |||||
| Dewey Decimal Classification | Baccah | Central Library | Central Library | First floor | 27/09/2012 | Purchase | 180.00 | 3 | 24 | 650 NIC | 000027475 | 17/11/2018 | 17/11/2018 | 225.00 | Book - Borrowing | 67 | 19/01/2019 | ||||
| Dewey Decimal Classification | Baccah | Central Library | Central Library | First floor | 27/09/2012 | Purchase | 180.00 | 3 | 28 | 650 NIC | 000027476 | 15/07/2025 | 19/10/2022 | 225.00 | Book - Borrowing | 61 | |||||
| Dewey Decimal Classification | Baccah | Central Library | Central Library | First floor | 27/09/2012 | Purchase | 180.00 | 3 | 23 | 650 NIC | 000027477 | 15/07/2025 | 18/12/2018 | 225.00 | Book - Borrowing | 39 | |||||
| Dewey Decimal Classification | Central Library | Central Library | First floor | 03/12/2017 | 6 | 650 NIC | 000046914 | 11/01/2026 | 20/12/2025 | Book - Borrowing | 12 | ||||||||||
| Dewey Decimal Classification | Baccah | Central Library | Central Library | First floor | 06/03/2018 | Purchase | 360.00 | 6 | 650 NIC | 000046505 | 15/07/2025 | 17/08/2021 | Book - Borrowing | 7 |